| 000 | 00561nam a2200193 i 4500 | ||
|---|---|---|---|
| 001 | 63340 | ||
| 003 | ES-MaACL | ||
| 005 | 20230906164831.0 | ||
| 007 | t| | ||
| 008 | 031209s1942 cl ||||1| spa d | ||
| 100 | 1 |
_aFerrater Mora, José. _950338 |
|
| 245 | 1 | 0 |
_aEspaña y Europa / _cJosé Ferrater Mora. |
| 260 |
_a[Santiago de Chile] : _bCruz del Sur, _c1942 ( _fImp. Universitaria) |
||
| 300 |
_a58 p. ; _c19 cm. |
||
| 490 | 1 | _aRaíz y estrella | |
| 830 | 0 |
_aRaíz y estrella _9230670 |
|
| 852 |
_aES-MaACL _j1911-F-1 _bR.29639 |
||
| 999 |
_c63340 _d63340 |
||